[Event "Terrassa op-B"]
[Site "Terrassa"]
[Date "1996.??.??"]
[Round "8"]
[White "Lopez Roca, Xavier"]
[Black "Martinez Mures, Moises"]
[Result "1/2-1/2"]
[WhiteElo "1900"]
[BlackElo "1990"]
[PlyCount "38"]
[EventDate "1996.07.??"]
[EventType "swiss"]
[EventRounds "9"]
[EventCountry "ESP"]
[SourceTitle "EXT 2002"]
[Source "ChessBase"]
[SourceDate "2001.11.25"]
[SourceVersion "1"]
[SourceVersionDate "2001.11.25"]
[SourceQuality "1"]

1. d4 Nf6 2. c4 g6 3. Nc3 d5 4. cxd5 Nxd5 5. e4 Nxc3 6. bxc3 Bg7 7. Bc4 0-0 8. Ne2 c5 9. Be3 Qa5 10. 0-0 Nc6 11. Rc1 cxd4 12. cxd4 Rd8 13. Qb3 Nxd4 14. Bxf7+ Kh8 15. Nxd4 Bxd4 16. Rcd1 Qc5 17. Rxd4 Rxd4 18. Bxd4+ Qxd4 19. Rd1 Qe5 1/2-1/2

[Event "Terrassa op-B"]
[Site "Terrassa"]
[Date "1996.??.??"]
[Round "3"]
[White "Martinez Mures, Moises"]
[Black "Garcia Fernandez, Jose Antonio"]
[Result "1/2-1/2"]
[WhiteElo "1990"]
[BlackElo "2040"]
[PlyCount "30"]
[EventDate "1996.07.??"]
[EventType "swiss"]
[EventRounds "9"]
[EventCountry "ESP"]
[SourceTitle "EXT 2002"]
[Source "ChessBase"]
[SourceDate "2001.11.25"]
[SourceVersion "1"]
[SourceVersionDate "2001.11.25"]
[SourceQuality "1"]

1. e4 e5 2. Nf3 Nc6 3. d4 exd4 4. Nxd4 Bc5 5. Be3 Qf6 6. c3 Nge7 7. g3 d5 8. Bg2 dxe4 9. Nb5 Bxe3 10. Nxc7+ Kf8 11. 0-0 Rb8 12. fxe3 Qe5 13. Qb3 f5 14. Nb5 Be6 15. Qa4 Kg8 1/2-1/2

[Event "Terrassa op-B"]
[Site "Terrassa"]
[Date "1996.??.??"]
[Round "2"]
[White "Mena Diaz, Antoni"]
[Black "Martinez Mures, Moises"]
[Result "0-1"]
[WhiteElo "1905"]
[BlackElo "1990"]
[PlyCount "123"]
[EventDate "1996.07.??"]
[EventType "swiss"]
[EventRounds "9"]
[EventCountry "ESP"]
[SourceTitle "EXT 2002"]
[Source "ChessBase"]
[SourceDate "2001.11.25"]
[SourceVersion "1"]
[SourceVersionDate "2001.11.25"]
[SourceQuality "1"]

1. d4 Nf6 2. c4 g6 3. Nc3 d5 4. Bg5 Ne4 5. Nxe4 dxe4 6. e3 Bg7 7. c5 Be6 8. Bb5+ c6 9. Ba4 Qa5+ 10. Kf1 Bc4+ 11. Ne2 b6 12. Bb3 Bxe2+ 13. Qxe2 bxc5 14. dxc5 Qxc5 15. Bf4 0-0 16. g4 Nd7 17. Kg2 Ne5 18. Rac1 Qb6 19. Bxe5 Bxe5 20. Rc4 Rfd8 21. Rxe4 Bf6 22. h4 Rd7 23. g5 Bg7 24. h5 Qc5 25. f4 Rad8 26. Kf3 Rd2 27. Qc4 Qxc4 28. Bxc4 e6 29. b3 Rxa2 30. hxg6 hxg6 31. Rc1 Rdd2 32. Rf1 Kf8 33. b4 Rab2 34. Ba6 Rdc2 35. Rd1 Rd2 36. Rxd2 Rxd2 37. Rc4 Rb2 38. e4 Rb3+ 39. Kg4 Rc3 40. e5 Rxc4 41. Bxc4 Ke7 42. Kf3 Kd7 43. b5 c5 44. Ke4 Bf8 45. Kd3 Be7 46. Bb3 Bd8 47. Kc4 Ba5 48. Kd3 Be1 49. Ba4 Ke7 50. Bb3 Kd8 51. Ke4 Kc7 52. Bc4 Bd2 53. Bd3 Kb6 54. Kf3 Ka5 55. Kg4 Kb4 56. f5 exf5+ 57. Bxf5 gxf5+ 58. Kxf5 Bxg5 59. Kxg5 c4 60. Kf6 c3 61. Kxf7 c2 62. e6 0-1